Student suicides and the governance of care in INDIA (Record no. 533152)

000 -LEADER
fixed length control field 01093nam a22001337a 4500
008 - FIXED-LENGTH DATA ELEMENTS--GENERAL INFORMATION
fixed length control field 260427b ||||| |||| 00| 0 eng d
100 ## - MAIN ENTRY--PERSONAL NAME
Personal name Anand, Shaweta
245 ## - TITLE STATEMENT
Title Student suicides and the governance of care in INDIA
260 ## - PUBLICATION, DISTRIBUTION, ETC. (IMPRINT)
Place of publication, distribution, etc Economic & Political Weekly
300 ## - PHYSICAL DESCRIPTION
Extent 61(8), Feb 21, 2026: p.13-16
520 ## - SUMMARY, ETC.
Summary, etc Student suicides in India have largely been addressed through individualised, psychocentric frameworks, despite their persistently high rates. This article examines how the Supreme Court’s 2025 interventions reframed student suicides as a failure of institutional governance and protection rather than just individual vulnerability. Drawing on judicial orders, national data, policy frameworks, and field insights, it argues that judicial urgency exposes the limits of advisory prevention and underscores structural inequalities shaping institutional capacity to protect vulnerable children.-Reproduced

https://www.epw.in/journal/2026/8/commentary/student-suicides-and-governance-care-india.html
773 ## - HOST ITEM ENTRY
Main entry heading Economic & Political Weekly
942 ## - ADDED ENTRY ELEMENTS (KOHA)
Item type Articles
Holdings
Withdrawn status Lost status Source of classification or shelving scheme Damaged status Not for loan Permanent location Current location Date acquired Serial Enumeration / chronology Barcode Date last seen Koha item type
          Indian Institute of Public Administration Indian Institute of Public Administration 2026-04-27 61(8), Feb 21, 2026: p.13-16 AR138663 2026-04-27 Articles

Powered by Koha